Vida y literatura de Valle-Inclán / (Record no. 105375)

MARC details
000 -LEADER
campo de control de longitud fija 00829nam a22002411 4500
001 - NÚMERO DE CONTROL
campo de control 105375
003 - IDENTIFICADOR DE NÚMERO DE CONTROL
campo de control ES-MaACL
005 - FECHA Y HORA DE LA ÚLTIMA TRANSACCIÓN
campo de control 20231205164444.0
007 - CAMPO FIJO DE DESCRIPCIÓN FÍSICA--INFORMACIÓN GENERAL
campo de control de longitud fija t|
008 - DATOS DE LONGITUD FIJA--INFORMACIÓN GENERAL
campo de control de longitud fija 060703s1943 sp ||||0| spa d
040 ## - FUENTE DE CATALOGACIÓN
Centro catalogador/agencia de origen M-BN
Lengua de catalogación spa
Centro/agencia transcriptor A2
080 ## - NÚMERO DE LA CLASIFICACIÓN DECIMAL UNIVERSAL
Número de la Clasificación Decimal Universal 929 Valle-Inclán, Ramón del
080 ## - NÚMERO DE LA CLASIFICACIÓN DECIMAL UNIVERSAL
Número de la Clasificación Decimal Universal 821.134.2 Valle-Inclán, Ramón del 1.06
100 1# - ENTRADA PRINCIPAL--NOMBRE DE PERSONA
Nombre de persona Fernández Almagro, Melchor,
Fechas asociadas al nombre 1893-1966
9 (RLIN) 49447
245 10 - MENCIÓN DEL TÍTULO
Título Vida y literatura de Valle-Inclán /
Mención de responsabilidad, etc. Melchor Fernández Almagro.
260 ## - PUBLICACIÓN, DISTRIBUCIÓN, ETC.
Lugar de publicación, distribución, etc. Madrid :
Nombre del editor, distribuidor, etc. Editora Nacional,
Fecha de publicación, distribución, etc. 1943.
300 ## - DESCRIPCIÓN FÍSICA
Extensión 277 p. :
Otras características físicas 1 h. retr. ;
Dimensiones 22 cm.
500 ## - NOTA GENERAL
Nota general Biblioteca Juan Andrade.
600 14 - PUNTO DE ACCESO ADICIONAL DE MATERIA--NOMBRE DE PERSONA
Nombre de persona Valle-Inclán, Ramón del,
Fechas asociadas al nombre 1866-1936-
Subdivisión general Crítica e interpretación
9 (RLIN) 112800
852 ## - LOCALIZACIÓN
Ubicación ES-MaACL
Número de control de estantería AND-169
Sublocalización o colección R.109469
852 ## - LOCALIZACIÓN
Ubicación ES-MaACL
Número de control de estantería F-15668
Sublocalización o colección R.20001
Holdings
Estatus retirado Estado de pérdida Estado de daño No para préstamo Biblioteca de origen Biblioteca actual Ubicación en estantería Fecha de adquisición Fuente de adquisición Total de préstamos Signatura topográfica completa Código de barras Visto por última vez Precio de reemplazo Tipo de ítem Koha
        Biblioteca del Ateneo de Madrid Biblioteca del Ateneo de Madrid Sala Pecera Planta 2 17/01/2008     F-15668 1110006 23/02/2023 23/02/2023 Libro impreso
        Biblioteca del Ateneo de Madrid Biblioteca del Ateneo de Madrid Depósito 2 17/01/2008     AND-169 1110005 23/02/2023 23/02/2023 Libro impreso